[Event "2020 Australian Chess Championship"]
[Site "Sydney, Australia"]
[Date "2020.01.07"]
[Round "6.7"]
[White "Kargosha, Bahman"]
[Black "Zhang, Jilin"]
[Result "0-1"]
[WhiteElo "2101"]
[BlackElo "2237"]

1. d4 {[%clk 01:30:57]} {[%emt 00:00:02]} Nf6 {[%clk 01:30:47]} {[%emt
00:00:13]} 2. c4 {[%clk 01:31:21]} {[%emt 00:00:06]} g6 {[%clk 01:31:08]}
{[%emt 00:00:10]} 3. Nc3 {[%clk 01:31:44]} {[%emt 00:00:06]} d5 {[%clk
01:31:32]} {[%emt 00:00:06]} 4. cxd5 {[%clk 01:32:08]} {[%emt 00:00:05]} Nxd5
{[%clk 01:31:58]} {[%emt 00:00:05]} 5. e4 {[%clk 01:32:33]} {[%emt 00:00:05]}
Nxc3 {[%clk 01:32:23]} {[%emt 00:00:05]} 6. bxc3 {[%clk 01:32:58]} {[%emt
00:00:05]} Bg7 {[%clk 01:32:46]} {[%emt 00:00:06]} 7. Qa4+ {[%clk 01:33:06]}
{[%emt 00:00:23]} Nd7 {[%clk 01:30:49]} {[%emt 00:02:28]} 8. Nf3 {[%clk
01:33:24]} {[%emt 00:00:11]} O-O {[%clk 01:29:02]} {[%emt 00:02:18]} 9. Be2
{[%clk 01:33:43]} {[%emt 00:00:10]} c5 {[%clk 01:27:14]} {[%emt 00:02:19]} 10.
O-O {[%clk 01:34:00]} {[%emt 00:00:13]} Qc7 {[%clk 01:24:37]} {[%emt 00:03:07]}
11. Be3 {[%clk 01:30:42]} {[%emt 00:03:47]} a6 {[%clk 01:15:53]} {[%emt
00:09:15]} 12. Qa3 {[%clk 01:30:14]} {[%emt 00:00:58]} b6 {[%clk 01:02:21]}
{[%emt 00:14:02]} 13. e5 {[%clk 01:17:01]} {[%emt 00:13:43]} e6 {[%clk
00:59:54]} {[%emt 00:02:57]} 14. Nd2 {[%clk 01:10:09]} {[%emt 00:07:22]} Bb7
{[%clk 00:59:50]} {[%emt 00:00:35]} 15. Nc4 {[%clk 01:07:29]} {[%emt 00:03:10]}
Bd5 {[%clk 00:54:38]} {[%emt 00:05:42]} 16. Rac1 {[%clk 01:01:22]} {[%emt
00:06:38]} Qc6 {[%clk 00:50:25]} {[%emt 00:04:43]} 17. g3 {[%clk 00:54:16]}
{[%emt 00:07:36]} Rfb8 {[%clk 00:39:06]} {[%emt 00:11:50]} 18. f4 {[%clk
00:52:33]} {[%emt 00:02:12]} Bf8 {[%clk 00:36:49]} {[%emt 00:02:47]} 19. Qb2
{[%clk 00:52:01]} {[%emt 00:01:02]} b5 {[%clk 00:31:44]} {[%emt 00:05:35]} 20.
Nd2 {[%clk 00:42:25]} {[%emt 00:10:06]} Nb6 {[%clk 00:32:02]} {[%emt 00:00:12]}
21. g4 {[%clk 00:40:40]} {[%emt 00:02:15]} Nc4 {[%clk 00:27:50]} {[%emt
00:04:43]} 22. Nxc4 {[%clk 00:39:07]} {[%emt 00:02:03]} bxc4 {[%clk 00:28:15]}
{[%emt 00:00:05]} 23. Qd2 {[%clk 00:38:39]} {[%emt 00:00:58]} cxd4 {[%clk
00:28:40]} {[%emt 00:00:05]} 24. Bxd4 {[%clk 00:36:21]} {[%emt 00:02:47]} Ba3
{[%clk 00:28:29]} {[%emt 00:00:40]} 25. f5 {[%clk 00:31:31]} {[%emt 00:05:20]}
Bh1 {[%clk 00:22:36]} {[%emt 00:06:24]} 26. Rf2 {[%clk 00:23:13]} {[%emt
00:08:48]} Bxc1 {[%clk 00:18:55]} {[%emt 00:04:13]} 27. Qxc1 {[%clk 00:23:34]}
{[%emt 00:00:08]} Qe4 {[%clk 00:19:22]} {[%emt 00:00:03]} 28. fxe6 {[%clk
00:11:25]} {[%emt 00:12:40]} fxe6 {[%clk 00:17:16]} {[%emt 00:02:35]} 29. Qf1
{[%clk 00:03:54]} {[%emt 00:08:00]} Rb1 {[%clk 00:16:01]} {[%emt 00:01:46]} 30.
Bd1 {[%clk 00:03:55]} {[%emt 00:00:29]} Qd3 {[%clk 00:16:15]} {[%emt 00:00:16]}
31. Qxd3 {[%clk 00:02:56]} {[%emt 00:01:29]} cxd3 {[%clk 00:16:44]} {[%emt
00:00:01]} 32. Rf1 {[%clk 00:03:07]} {[%emt 00:00:19]} Rf8 {[%clk 00:13:37]}
{[%emt 00:03:37]} 33. Bf2 {[%clk 00:01:09]} {[%emt 00:02:28]} Bf3 {[%clk
00:13:43]} {[%emt 00:00:24]} 34. Bc5 {[%clk 00:00:33]} {[%emt 00:01:07]} Rxd1
{[%clk 00:13:49]} {[%emt 00:00:24]} 35. Rxd1 {[%clk 00:00:35]} {[%emt
00:00:28]} Bxd1 {[%clk 00:14:14]} {[%emt 00:00:05]} 36. Bxf8 {[%clk 00:00:46]}
{[%emt 00:00:19]} Kxf8 {[%clk 00:14:43]} {[%emt 00:00:01]} 0-1

[Event "2020 Australian Chess Championship"]
[Site "Sydney, Australia"]
[Date "2020.01.07"]
[Round "6.8"]
[White "Plant, John Stuart"]
[Black "Huynh, Arthur"]
[Result "1/2-1/2"]
[WhiteElo "1993"]
[BlackElo "2136"]

1. b3 {[%clk 01:30:56]} {[%emt 00:00:03]} e5 {[%clk 01:30:48]} {[%emt
00:00:13]} 2. Bb2 {[%clk 01:31:17]} {[%emt 00:00:09]} Nc6 {[%clk 01:31:02]}
{[%emt 00:00:16]} 3. e3 {[%clk 01:31:38]} {[%emt 00:00:08]} Nf6 {[%clk
01:31:15]} {[%emt 00:00:17]} 4. Nf3 {[%clk 01:31:43]} {[%emt 00:00:25]} e4
{[%clk 01:31:20]} {[%emt 00:00:26]} 5. Nd4 {[%clk 01:31:53]} {[%emt 00:00:19]}
Nxd4 {[%clk 01:31:12]} {[%emt 00:00:39]} 6. Bxd4 {[%clk 01:32:12]} {[%emt
00:00:11]} b6 {[%clk 01:31:24]} {[%emt 00:00:18]} 7. c4 {[%clk 01:31:10]}
{[%emt 00:01:31]} Bb7 {[%clk 01:26:32]} {[%emt 00:05:22]} 8. Qc2 {[%clk
01:30:32]} {[%emt 00:01:08]} Bd6 {[%clk 01:23:59]} {[%emt 00:03:03]} 9. g3
{[%clk 01:29:36]} {[%emt 00:01:25]} Qe7 {[%clk 01:23:38]} {[%emt 00:00:52]} 10.
Bg2 {[%clk 01:29:38]} {[%emt 00:00:28]} O-O {[%clk 01:20:44]} {[%emt 00:03:25]}
11. Nc3 {[%clk 01:26:52]} {[%emt 00:03:15]} Rfe8 {[%clk 01:19:08]} {[%emt
00:02:06]} 12. O-O {[%clk 01:24:40]} {[%emt 00:02:42]} Ng4 {[%clk 01:09:05]}
{[%emt 00:10:33]} 13. Nb5 {[%clk 01:11:06]} {[%emt 00:14:04]} f5 {[%clk
01:08:36]} {[%emt 00:00:59]} 14. Nxd6 {[%clk 01:10:33]} {[%emt 00:01:03]} cxd6
{[%clk 01:06:39]} {[%emt 00:02:28]} 15. d3 {[%clk 01:05:27]} {[%emt 00:05:36]}
d5 {[%clk 01:02:49]} {[%emt 00:04:20]} 16. Rfd1 {[%clk 00:54:33]} {[%emt
00:11:24]} Rac8 {[%clk 01:00:07]} {[%emt 00:03:12]} 17. Qd2 {[%clk 00:52:15]}
{[%emt 00:02:48]} dxc4 {[%clk 00:54:40]} {[%emt 00:05:58]} 18. dxc4 {[%clk
00:52:09]} {[%emt 00:00:36]} Rcd8 {[%clk 00:53:52]} {[%emt 00:01:17]} 19. a4
{[%clk 00:48:04]} {[%emt 00:04:35]} d5 {[%clk 00:52:11]} {[%emt 00:02:09]}
1/2-1/2

[Event "2020 Australian Chess Championship"]
[Site "Sydney, Australia"]
[Date "2020.01.07"]
[Round "6.9"]
[White "Lo, Willis"]
[Black "Ng, Clive"]
[Result "1-0"]
[WhiteElo "2108"]
[BlackElo "2061"]

1. c4 {[%clk 01:30:59]} Nf6 {[%clk 01:31:00]} 2. g3 {[%clk 01:30:59]} g6 {[%clk
01:31:00]} 3. Bg2 {[%clk 01:30:59]} Bg7 {[%clk 01:31:00]} 4. Nc3 {[%clk
01:30:59]} O-O {[%clk 01:31:00]} 5. d4 {[%clk 01:30:59]} d6 {[%clk 01:32:39]} 6.
Nf3 {[%clk 01:31:52]} Nc6 {[%clk 01:32:39]} 7. O-O {[%clk 01:31:52]} a6 {[%clk
01:32:39]} 8. b3 {[%clk 01:31:52]} Rb8 {[%clk 01:32:39]} 9. d5 {[%clk
01:31:52]} Na5 {[%clk 01:32:39]} 10. Bg5 {[%clk 01:31:52]} c5 {[%clk 01:32:39]}
11. dxc6 {[%clk 01:31:52]} bxc6 {[%clk 01:32:39]} 12. c5 {[%clk 01:31:52]} h6
{[%clk 01:32:39]} 13. Bxf6 {[%clk 01:31:52]} Bxf6 {[%clk 01:32:39]} 14. Qd2
{[%clk 01:31:52]} Bg7 {[%clk 01:32:39]} 15. Rad1 {[%clk 01:31:52]} Bg4 {[%clk
01:32:39]} 16. Na4 {[%clk 01:31:52]} d5 {[%clk 01:32:39]} 17. h3 {[%clk
01:31:52]} Bxf3 {[%clk 01:32:39]} 18. Bxf3 {[%clk 01:31:52]} Nb7 {[%clk
01:32:39]} 19. e4 {[%clk 01:31:52]} e6 {[%clk 01:32:39]} 20. Rfe1 {[%clk
01:31:52]} Qc7 {[%clk 01:32:39]} 21. Qf4 {[%clk 01:31:52]} e5 {[%clk 01:32:39]}
22. Qg4 {[%clk 01:31:52]} d4 {[%clk 01:32:39]} 23. Be2 {[%clk 01:31:52]} a5
{[%clk 01:32:39]} 24. f4 {[%clk 01:31:52]} Qe7 {[%clk 01:32:39]} 25. Rc1 {[%clk
01:31:52]} h5 {[%clk 01:32:39]} 26. Qf3 {[%clk 01:31:52]} h4 {[%clk 01:32:39]}
27. f5 {[%clk 01:31:52]} hxg3 {[%clk 01:32:39]} 28. Bc4 {[%clk 01:31:52]} Kh7
{[%clk 01:32:39]} 29. Qxg3 {[%clk 01:31:52]} Bh6 {[%clk 01:32:39]} 30. Rc2
{[%clk 01:31:52]} gxf5 {[%clk 01:32:39]} 31. Kh1 {[%clk 01:31:52]} f4 {[%clk
01:32:39]} 32. Qg4 {[%clk 01:31:52]} Qg5 {[%clk 01:32:39]} 33. Qd7 {[%clk
01:31:52]} Nd8 {[%clk 01:32:39]} 34. Rg1 {[%clk 01:31:52]} Qf6 {[%clk
01:32:39]} 35. Nb2 {[%clk 01:31:52]} Rb7 {[%clk 01:32:39]} 36. Qg4 {[%clk
01:31:52]} Ne6 {[%clk 01:32:39]} 37. Nd3 {[%clk 01:31:52]} Rbb8 {[%clk
01:32:39]} 38. Qf5+ {[%clk 01:31:52]} Qxf5 {[%clk 01:32:39]} 39. exf5 {[%clk
01:31:52]} Ng5 {[%clk 01:32:39]} 40. Nxe5 {[%clk 01:31:52]} Nxh3 {[%clk
01:32:39]} 41. Rg4 {[%clk 01:31:52]} Rbe8 {[%clk 01:32:39]} 42. Nd7 {[%clk
01:31:52]} Re3 {[%clk 01:32:39]} 43. Rcg2 {[%clk 01:31:52]} f6 {[%clk
01:32:39]} 44. Nxf8+ {[%clk 01:31:52]} Bxf8 {[%clk 01:32:39]} 45. Rh4+ {[%clk
01:31:52]} Bh6 {[%clk 01:32:39]} 46. Bg8+ {[%clk 01:31:52]} 1-0

[Event "2020 Australian Chess Championship"]
[Site "Sydney, Australia"]
[Date "2020.01.07"]
[Round "6.10"]
[White "Bayaca, Sterling"]
[Black "Parle, Hughston"]
[Result "1/2-1/2"]
[WhiteElo "1994"]
[BlackElo "2057"]

1. c4 Nf6 2. Nc3 g6 3. e4 d6 4. d4 Bg7 5. Nf3 O-O 6. Be2 e5 7. dxe5 dxe5 8.
Qxd8 Rxd8 9. Bg5 Re8 10. Nd5 Nxd5 11. cxd5 c6 12. Bc4 cxd5 13. Bxd5 Na6 14.
O-O-O Nb4 15. Bb3 Be6 16. Bxe6 Rxe6 17. Kb1 b6 18. g4 f6 19. Be3 Bf8 20. h4 Na6
21. h5 Nc5 22. hxg6 hxg6 23. Bxc5 Bxc5 24. Rh6 Rd6 25. Rxg6+ Kh7 26. Rxd6 Kxg6
27. Nxe5+ Kg5 28. f4+ Kxf4 29. Nd3+ Kxe4 30. Nxc5+ bxc5 31. Rxf6 Rg8 32. Ra6
Rxg4 33. Ra4+ Kf5 34. Rxa7 Ke5 35. Rd7 Ke6 36. Rd3 Rg2 37. Kc1 Ke5 38. Rd2 Rg3
39. Kc2 Ke4 40. Rd8 Rh3 41. a4 Ke5 42. a5 Rh4 43. b3 Rh2+ 44. Rd2 Rh7 45. Kc3
Ra7 46. b4 cxb4+ 47. Kxb4 Rb7+ 48. Kc5 Rc7+ 49. Kb6 Rc1 50. Rb2 Rh1 51. a6 Rh6+
52. Ka5 Rh7 53. Rb7 Rh8 54. Rb4 Rh7 55. Kb6 Rh6+ 56. Ka7 Rh7+ 57. Ka8 Kd5 58.
a7 Kc6 59. Rb8 Rg7 60. Rf8 Kb6 61. Rf6+ Kc7 62. Rf8 Kb6 63. Rb8+ Ka6 64. Rb7
Rxb7 1/2-1/2